Statistics for Africa Geography by Letter - G

Click here to take the quiz!

General Stats

  • This quiz has been taken 138 times
  • The average score is 13 of 20

Answer Stats

HintAnswer% Correct
Country in West Africa; its capital is AccraGhana
99%
Country in West Africa; its capital is ConakryGuinea
99%
Country in Central Africa; its capital is LibrevilleGabon
98%
Country almost completely surrounded by SenegalThe Gambia
98%
City in Egypt where the Great Pyramid isGiza
97%
Tallest land animal on Earthgiraffe
95%
Country in West Africa that speaks a Portuguese-based creoleGuinea-Bissau
95%
Capital and largest city of Botswana; headquarters of the Southern African Development CommunityGaborone
93%
The largest living primate; inhabits Central Africagorilla
89%
Name of the strait that connects the Atlantic Ocean to the Mediterranean Sea; separating Iberia from MoroccoGibraltar
85%
Capital city of BurundiGitega
83%
Name for the above country when it was a British colonyGold Coast
68%
Canary Island on which Las Palmas is locatedGran Canaria
65%
Portion of the Atlantic Ocean that extends from Liberia to GabonGulf of Guinea
61%
Geographic formation in East Africa that divides the African Plate and the Somali PlateGreat Rift Valley
46%
This South African city was called Port Elizabeth until 2021Gqeberha
19%
Most widely spoken language in UgandaGanda
17%
Westernmost region of EthiopiaGambela
10%
British island which is one of the most remote on Earth and is an important seabird colonyGough Island
8%
Desert in northwestern SomalilandGuban
4%

Score Distribution

Percentile by Number Answered

Percent of People with Each Score

Your Score History

You have not taken this quiz